| 000 | 00593nam a2200181 a 4500 | ||
|---|---|---|---|
| 005 | 20140412111259.0 | ||
| 008 | 010420s19uu xx 00 eng d | ||
| 020 | _a1-85434-383-1 | ||
| 050 |
_aM 636.8 _bM67 1996 |
||
| 100 | _aMorley, Christine | ||
| 245 |
_aMe and my pet: cat / _cChristine Morley and Carole Orbell ; illustrations by Brita Granstrom. |
||
| 260 |
_aLondon : _bTwo Can in associationwith Franklin Watts, _c1996. |
||
| 300 | _a32 p. ; ill. | ||
| 440 | _aMe and my pet | ||
| 520 | _aHow to be the perfect pet owner | ||
| 650 | _aPets - Study and teaching | ||
| 999 |
_c103312 _d103312 |
||